Language Quiz

Random Language or French Quiz

French Rooms & Furniture Quiz Stats

Quiz not verified by Sporcle

Challenge
Share
Tweet
Embed
Score 0/49 Timer 10:00
0 Plays Today
French English % Correct
un garagegarage
82.1%
une lampelamp
80.3%
une tabletable
79.9%
une maisonhouse
79.1%
une cuisinekitchen
76.6%
un salon / un livingliving room
75.6%
une salle de bainsbathroom
74.6%
une chambrebedroom
74.4%
un litbed
73.6%
un jardingarden
72.6%
une doucheshower
69.4%
un réfrigerateur / un frigofridge
67.4%
une salle √ mangerdining room
63.9%
une fenêtrewindow
63.7%
un sofacouch
62.4%
une portedoor
61.7%
un appartementapartment
59.5%
un bureaudesk
59.5%
un tapisrug
56%
le four √ micro-ondesmicrowave
53.7%
le lave-linge / la machine √ laverwashing machine
52.5%
un murwall
51.2%
un fouroven
48.5%
des WC / des toilettestoilets
46.3%
une pièce room
45.3%
French English % Correct
une baignoirebath
42%
le lave-vaisselledishwasher
42%
une fourchettefork
40.8%
des meublesfurniture
40.5%
la cavebasement
39.8%
une tassecup
35.8%
un verreglass
35.1%
la cuisinièrestove
33.1%
une étagèreshelf
31.8%
un grillepaintoaster
31.6%
une assietteplate
31.6%
un couteauknife
31.3%
une cuillèrespoon
30.3%
le congélateurfreezer
29.6%
un placardcloset
26.9%
le climatiseurair conditioner
20.6%
un immeubleapartment building
19.2%
une salle de séjourfamily room
18.7%
le séchoirdryer
16.7%
un fauteuilcomfy chair
14.7%
une chaisedesk chair
14.4%
un studiostudio apartment
14.2%
dans un résidencedorm
12.7%
la moquettewall to wall carpet
9%

You're not logged in!

Compare scores with friends on all Sporcle quizzes.
Sign Up with Email
OR
Log In

You Might Also Like...

Show Comments

Extras

Top Quizzes Today


Score Distribution

Your Account Isn't Verified!

In order to create a playlist on Sporcle, you need to verify the email address you used during registration. Go to your Sporcle Settings to finish the process.